World famous sherlock holmes stories / (Record no. 41140)

MARC details
000 -LEADER
fixed length control field 00701nam a22002057a 4500
010 ## - LCCN (DPL NO)
LC control number ENG-99752
020 ## - INTERNATIONAL STANDARD BOOK NUMBER
Terms of availability 300.00
International Standard Book Number 9788190659628
035 ## - SYSTEM CONTROL NUMBER
System control number EN-83284
037 ## - SOURCE OF ACQUISITION
Source of stock number/acquisition DBAD / PUB
082 ## - DEWEY DECIMAL CLASSIFICATION NUMBER
Classification number S
100 ## - MAIN ENTRY--PERSONAL NAME
Personal name Khatry, Vikash
245 ## - TITLE STATEMENT
Title World famous sherlock holmes stories /
Statement of responsibility, etc by Vikash Khatry
260 ## - PUBLICATION, DISTRIBUTION, ETC. (IMPRINT)
Place of publication, distribution, etc Delhi
Name of publisher, distributor, etc Priyanka Prakashan
Date of publication, distribution, etc 2009
270 ## - ADDRESS
Address L-20/13, Ist Floor, Street No.5 Shivaji Marg, Kartar Nagar
City Delhi
Postal code 110032
300 ## - PHYSICAL DESCRIPTION
Extent 184p.
Dimensions 22cm (Hb)
600 ## - SUBJECT ADDED ENTRY--PERSONAL NAME
Personal name Baba Visakha Singh
General subdivision Biography.
700 ## - ADDED ENTRY--PERSONAL NAME
9 (RLIN) 10254
942 ## - ADDED ENTRY ELEMENTS (KOHA)
Source of classification or shelving scheme Dewey Decimal Classification
Item type English Books
Call number suffix KHA
Classification part S
Holdings
Withdrawn status Lost status Not for loan Collection code Home library Current library Date acquired Source of acquisition Cost, normal purchase price Full call number Barcode Copy number Cost, replacement price Koha item type
    Not For Loan Fiction D.B.Act.Division D.B.Act.Division 11/08/2010 DBAD/PUB 300.00 KHA EN-83284 1 300.00 English Books

© Delhi Public Library
Hit Counter
free hit counter